000 00726cam a2200193 4500
001 WB3721-20
008 000000n2001 000 0 eng u
035 _a(Sirsi) u112879
245 _aLabour promises a rural ministry
260 _c2001
490 _aRegeneration and Renewal
_v25 May 2001, 5(1)
520 _aLabour Party plans to develop a Department for Rural Affairs if it wins a second term in office. The party manifesto states that the new department should promote the countryside and emphasise the need for diversification in the rural economy.
590 _aWB
650 _aREGIONAL DEVELOPMENT AGENCIES
650 _aCOUNTRYSIDE POLICY
650 _aRURAL AREAS
690 _aRural
_96268
942 _n0
999 _c67196
_d67196